The resilient city : (Record no. 542461)
[ view plain ]
| 000 -LEADER | |
|---|---|
| fixed length control field | 00925cam a22002294a 4500 |
| 020 ## - INTERNATIONAL STANDARD BOOK NUMBER | |
| International Standard Book Number | 0195175832 (pbk. : alk. paper) |
| 020 ## - INTERNATIONAL STANDARD BOOK NUMBER | |
| International Standard Book Number | 0195175840 (alk. paper) |
| 082 00 - DEWEY DECIMAL CLASSIFICATION NUMBER | |
| Classification number | 307.341609 |
| Author Mark | VAL |
| -- | N-01,P-100 |
| 245 04 - TITLE STATEMENT | |
| Title | The resilient city : |
| Remainder of title | how modern cities recover from disaster / |
| Statement of responsibility, etc. | [edited by] Lawrence J. Vale and Thomas J. Campanella. |
| 260 ## - PUBLICATION, DISTRIBUTION, ETC. | |
| Place of publication, distribution, etc. | New York : |
| Name of publisher, distributor, etc. | Oxford University Press, |
| Date of publication, distribution, etc. | 2005. |
| 300 ## - PHYSICAL DESCRIPTION | |
| Extent | xiv, 376 p : |
| Other physical details | ill. ; |
| Dimensions | 23 cm. |
| 526 ## - STUDY PROGRAM INFORMATION NOTE | |
| Program name | 0 |
| Interest level | 0 |
| Reading level | 0 |
| Title point value | 307_341609000000000_VAL |
| 650 #0 - SUBJECT ADDED ENTRY--TOPICAL TERM | |
| Topical term or geographic name entry element | Disasters |
| General subdivision | History. |
| 9 (RLIN) | 37647 |
| 650 #0 - SUBJECT ADDED ENTRY--TOPICAL TERM | |
| Topical term or geographic name entry element | NUST |
| 9 (RLIN) | 6342 |
| 650 #0 - SUBJECT ADDED ENTRY--TOPICAL TERM | |
| Topical term or geographic name entry element | Urban renewal |
| General subdivision | History. |
| 9 (RLIN) | 37648 |
| 700 1# - ADDED ENTRY--PERSONAL NAME | |
| Personal name | Campanella, Thomas J. |
| 9 (RLIN) | 37649 |
| 700 1# - ADDED ENTRY--PERSONAL NAME | |
| Personal name | Vale, Lawrence J., |
| 9 (RLIN) | 32103 |
| 856 42 - ELECTRONIC LOCATION AND ACCESS | |
| Uniform Resource Identifier | <a href="http://www.h-net.org/review/hrev-a0e2n0-aa">http://www.h-net.org/review/hrev-a0e2n0-aa</a> |
| 856 42 - ELECTRONIC LOCATION AND ACCESS | |
| Uniform Resource Identifier | <a href="http://www.loc.gov/catdir/enhancements/fy0618/2004049246-d.html">http://www.loc.gov/catdir/enhancements/fy0618/2004049246-d.html</a> |
| 856 42 - ELECTRONIC LOCATION AND ACCESS | |
| Uniform Resource Identifier | <a href="http://www.loc.gov/catdir/enhancements/fy0725/2004049246-b.html">http://www.loc.gov/catdir/enhancements/fy0725/2004049246-b.html</a> |
| 942 ## - ADDED ENTRY ELEMENTS (KOHA) | |
| Source of classification or shelving scheme | |
| Koha item type | Book |
| Withdrawn status | Lost status | Source of classification or shelving scheme | Damaged status | Not for loan | Permanent Location | Current Location | Date acquired | Total Checkouts | Total Renewals | Full call number | Barcode | Date last seen | Date last checked out | Price effective from | Koha item type |
|---|---|---|---|---|---|---|---|---|---|---|---|---|---|---|---|
| Military College of Engineering (MCE) | Military College of Engineering (MCE) | 12/23/2013 | 1 | 1 | 307.341609 VAL | MCE-36671 | 08/17/2017 | 05/22/2017 | 12/23/2013 | Book |
